Cultura general por letra - Z - Estadísticas

Estadísticas generales
  • Esta prueba ha sido intentada 3.128 veces
    1.981 desde el último reinicio
  • La puntuación promedio es 14 de 20
Estadísticas de respuestas
Pista Respuesta % Correcto
Dios supremo de la mitología griega Zeus
95%
Según la cultura popular, vegetal favorito de los conejos Zanahoria
93%
Lugar donde se exhiben animales Zoológico
92%
Piedra preciosa de color azul intenso Zafiro
91%
Calzado Zapato
91%
Plataforma digital de conferencias que tuvo su auge durante la pandemia de COVID-19 Zoom
86%
Famoso futbolista y entrenador francés Zinedine Zidane
84%
Estilo de baile y ejercicio aeróbico popular Zumba
83%
Ciudad suiza, la más poblada del país Zúrich
82%
Sistema de 12 signos basado en la astrología Zodiaco
81%
Lanzarse al agua con fuerza Zambullirse
75%
Apellido del presidente ucraniano empezando en 2019 Zelenski
72%
Mamífero astuto con hocico alargado y cola esponjosa Zorro
68%
Aeronave dirigible con forma de globo Zepelín
67%
Canción de The Cranberries, de su álbum "No Need to Argue" «Zombie»
48%
Archipiélago de Tanzania con palayas paradisíacas Zanzíbar
44%
Grupo étnico de Sudáfrica Zulú
40%
Virus transmitido por mosquitos que puede causar fiebre Zika
29%
Estado mexicano Zacatecas
27%
Río de África que forma las Cataratas Victoria Zambeze
25%
No se encontraron pruebas coincidentes
Distribución de puntuación
Porcentaje de gente con cada puntuación
Porcentaje por número respondido
Historial de tus puntuaciones
No has intentado esta prueba desde el último reinicio